Moriscos y cristianos: un enfrentamiento polémico 1492-1640

Wedi'i Gadw mewn:
Manylion Llyfryddiaeth
Prif Awdur: Cardaillac, Louis (Awdur)
Fformat: Llyfr
Iaith:Sbaeneg
Cyhoeddwyd: Madrid, España Fondo de Cultura Económica 1979
Cyfres:Sección de Obras de Historia
Pynciau:
Tagiau: Ychwanegu Tag
Dim Tagiau, Byddwch y cyntaf i dagio'r cofnod hwn!

MARC

LEADER 00000nam a2200000 a 4500
001 UCX0213
003 CL-VaPUC
005 20230725102335.0
008 890828e19790000SP |||||||||||||||||spa|d
999 |c 221889  |d 221887 
040 |c Pontificia Universidad Católica de Valparaíso 
082 0 4 |a 946.03 CAR 1979  |2 21 
100 0 |a Cardaillac, Louis  |e author  |9 315600 
245 1 0 |a Moriscos y cristianos:  |b  un enfrentamiento polémico 1492-1640 
260 |a Madrid, España  |b Fondo de Cultura Económica  |c 1979 
300 |a 567 páginas 
490 0 |a Sección de Obras de Historia 
500 |a Incluye sistema de transliteración 
500 |a Incluye vocablos árabes 
583 |a last modification  |c 19890828 00:00:00  |k Rodrigo Vera 
650 7 |a MORISCOS  |2 CL-VaPUC  |9 268471  |z ESPAÑA 
650 7 |a MAHOMETANOS  |2 CL-VaPUC  |9 315601  |z ESPAÑA 
650 0 |a Cristianismo e islamismo  |z ESPAÑA  |9 315602 
650 0 |a Historia  |9 255047 
852 |a BIBCUR 
942 |c BK  |2 ddc 
945 |d 19890828 00:00:00 
952 |0 0  |1 0  |2 ddc  |4 0  |6 946_030000000000000_CAR_1979  |7 0  |8 A  |9 215917  |a BIBHIS  |b BIBHIS  |d 2019-11-15  |i 284480K  |o 946.03 CAR 1979  |p 284480K  |r 2025-01-20  |t 1  |w 2019-11-15  |y BK  |k HIS